[Event "Linares 20th"]
[Site "Linares"]
[Date "2003.03.01"]
[Round "7"]
[White "Kasparov, Garry"]
[Black "Anand, Viswanathan"]
[Result "1-0"]
[WhiteElo "2847"]
[BlackElo "2753"]
[Annotator "Lukacs,P"]
[PlyCount "123"]
[EventDate "2003.02.22"]
[EventType "tourn"]
[EventRounds "14"]
[EventCountry "ESP"]
[EventCategory "20"]
[SourceTitle "CBM 094"]
[Source "ChessBase"]
[SourceDate "2003.05.26"]
[SourceVersion "1"]
[SourceVersionDate "2003.05.26"]
[SourceQuality "1"]

1. e4 {[%mdl 32]} c6 2. d4 d5 3. Nd2 dxe4 4. Nxe4 Bf5 5. Ng3 Bg6 6. h4 h6 7.
Nf3 Nd7 8. h5 Bh7 9. Bd3 Bxd3 10. Qxd3 Ngf6 11. Bf4 e6 12. O-O-O Be7 13. Kb1
O-O 14. Ne4 {This may lead to a slightly better _|_, which is rather typical
to the Classical Carto Kann.} (14. c4 {is supposed to be the main line.}) 14...
Nxe4 15. Qxe4 Nf6 16. Qe2 Qd5 17. Ne5 (17. Be3 $143 {White wants to avoid the
exchange of queens, but loses a vital tempo.} Rfd8 (17... Nxh5 $6 18. g4 $40) (
17... Ng4 18. Bc1) 18. Ne5 c5 19. f3 cxd4 20. Bxd4 Qa5 21. Rhe1 Qc7 22. g4 Bc5
23. Bxc5 Qxc5 $11 {Gershenzon-Kruppa, Dnepropetrovsk 1993}) (17. Be5 b5 {
Black wants to blockade the light squares keeping control over the vital d5
square.} 18. Rd3 Rfd8 19. Rg1 {/\ g4} Ng4 20. Bc7 Rdc8 21. Bf4 c5 22. Ne5 Nf6
23. dxc5 Qxc5 24. Rg3 Kf8 25. Rf3 Rd8 26. g4 Rd5 27. Nd3 Qc4 28. g5 hxg5 29.
Bxg5 $13 {Firman-Ekstroem, Lausanne 2001}) 17... Qe4 18. Qxe4 ({Avoiding the
exchange of queens leads nowhere again.} 18. Qd2 $6 Nd5 19. Bg3 Rfd8 20. Rde1
Qf5 21. Nd3 Rac8 22. Be5 c5 23. dxc5 f6 24. g4 Qf3 25. Bd4 Qxg4 26. Be3 Qf5 $17
{Kupreichik-Lobron, Ljubljana/Portoroz 1989}) 18... Nxe4 19. Rhe1 $1 (19. Rhf1
Bg5 {1/2:1/2 A.Sokolov-Dautov, Bled ol 2002}) (19. Be3 Rfd8 20. c4 Kf8 21. g4
Nf6 22. f3 Nd7 23. f4 a6 24. Kc2 Nxe5 25. dxe5 $14 {Stefansson-S.Kasparov,
Tanta City 2001}) 19... Nf6 (19... Nxf2 $2 {falls into the trap:} 20. Rd2 Bh4
21. Ree2 $1 $16) 20. g4 Rfd8 {Black wants to hold the d <-> first before
attacking the [+] via c5.} (20... c5 21. dxc5 Bxc5 22. Nd7 $5 (22. Be3 Rfc8 (
22... Bxe3 23. Rxe3 Rfd8 24. Red3 Rxd3 25. Rxd3 Kf8 26. c4 Ke7 $11) 23. c4 {
White has a P majority on the << and the active pieces, but even so the _|_ is
rather drawish.} Kf8 24. Bxc5+ Rxc5 25. f4 Rc7 26. Rd4 Ke7 27. Red1 Re8 28. b3
{1/2:1/2 V.Gurevich-Khlian, Azov 1995}) (22. f3 Rfd8 {- 20....Rfd8}) 22... Nxd7
23. Rxd7 {penetrating on the 7-th rank deserves attention, for example:} Bxf2
24. Rf1 Bc5 25. Rxb7 $14) 21. Be3 $1 {This is Kasparov's novelty, he wants to
prevent c5.} (21. c3 c5 22. dxc5 Bxc5 23. f3 Rxd1+ (23... Nd5 24. Bd2 Bd6 25.
Nd3 Rac8 26. Re2 Kf8 27. Rh1 Rc4 28. Kc2 Rdc8 29. Re4 Nb4+ 30. Nxb4 Rxb4 31.
Bf4 Rb6 32. Be3 Bc5 33. Bf4 Bd6 34. Bd2 Rbc6 35. a4 $14 {Kalezic-Mateuta,
Bucharest Blue Autumn 2002}) 24. Rxd1 Nd5 25. Nd3 Be7 26. Bc1 Rd8 27. Kc2 f6 {
/\ Kf7 bringing the K into action.} 28. Nf4 Kf7 29. a3 b5 {against c4} 30. Nxd5
Rxd5 31. Rxd5 {1/2:1/2 Lutz-Dorfman, Bled ol 2002}) (21. f3 c5 (21... Rac8 {
preparing c5 is not so necessary.} 22. c3 {/\ Kc2} Kf8 23. Kc2 Nd5 24. Bc1 c5
25. dxc5 Rxc5 26. f4 {The P structure is somewhat better for White.} b5 27. a3
Kg8 28. g5 hxg5 29. fxg5 $14 {Shirov-Kramnik, RUS-The World rapid 2002}) (21...
Nd7 22. c4 Nxe5 23. dxe5 Rxd1+ {Black wants to exchange the rooks, White's
space advantage is not enough for a win in the _|_.} 24. Rxd1 Rd8 $11 {
Jenni-Heinig, Bad Worishofen op 2002}) 22. dxc5 Bxc5 23. c4 Bf2 (23... Kf8 24.
Kc2 Ke7 25. Rd3 Rac8 26. Red1 Rxd3 27. Nxd3 Bd4 28. Kb3 {b4 and then Kb3 would
be the ideal setup for White.} Nd7 29. Bd2 e5 $11 {Andreev-Bets, Alushta
Golden Autumn 2001}) (23... Rac8 24. Rxd8+ Rxd8 25. Kc2 {at least winning a
tempo.} Kf8 26. a3 {/\ b4 and the P majority on the << is more and more
dangerous.} Ke8 27. b4 Bd6 28. Rd1 Bc7 29. Rxd8+ Bxd8 30. Be3 a6 31. Bd4 $14 {
Kovalev-Kruppa, Berliner Summer 1993}) 24. Rf1 Bd4 25. Rd3 Bxe5 26. Rxd8+ Rxd8
27. Bxe5 Nh7 28. b3 (28. Kc2 $5 f6 29. Bc3) 28... f6 29. Bf4 f5 {creating
weaknesses in White's camp as well.} 30. Re1 fxg4 31. fxg4 Nf6 32. Rxe6 Kf7 33.
Re5 Nxg4 $11 {Lutz-Khenkin, Bundesliga 2002}) (21. Rd3 {/\ Red1 preparing for
the opening of the d <->.} c5 22. Red1 cxd4 23. Rxd4 Rxd4 24. Rxd4 Rd8 25.
Rxd8+ Bxd8 26. c4 Bc7 {This is a theoretically drawish _|_.} 27. f3 Nh7 28. b4
f6 29. Nd3 Bxf4 30. Nxf4 Ng5 $11 {Thorteins-Lobron, Reykjavik op 1984}) 21...
Bd6 (21... Kf8 22. f3 Nd5 23. Bd2 $14 {/\ c4 winning back the tempo.}) (21...
Nd5 22. Bd2 {/\ c4} (22. c4 Nxe3 23. fxe3 c5) 22... a5 (22... Bg5 23. c4 $14)
23. c4 Nf6 24. Be3 $14) 22. f3 {This is White's ideal P formation on the >>.}
Rac8 23. c4 a5 (23... Nd7 24. Nd3 $14) 24. a4 $1 {fixing the weakness on the
colour of the B.} Nd7 (24... Bb4 25. Rg1 $36) 25. Bd2 Bc7 26. Bc3 Nxe5 {
Black changes the P structure, the N was simply too strong in the [+].} (26...
Kf8 27. Kc2 Ke7 28. b3 $14) 27. dxe5 c5 $6 {Anand wants to blockade the
position keeping it as close as possible. However this weakens his P structure
even more.} (27... Bb6 28. Kc2 Rxd1 29. Rxd1 Rd8 30. Rd6 Bc7 31. Rxd8+ Bxd8 32.
Kd3 $14) (27... Rxd1+ 28. Rxd1 Rd8 29. Rxd8+ Bxd8 30. Kc2 $14 {and the B _|_
is defendable for Black.}) 28. Kc2 Rxd1 29. Kxd1 $1 {This way the white K can
be centralized.} (29. Rxd1 Rd8 {keeps the white K on the <<.}) 29... Rd8+ 30.
Ke2 $1 Rd7 (30... Kf8 31. f4 Ke7 32. f5 $16) 31. f4 {/\ f5} Bd8 32. f5 Bg5 33.
f6 $1 b6 {[#]} 34. Ra1 $1 {/\ Ra3-b3 with a nice R manoeuvre.} Rd8 35. Ra3 gxf6
36. Rb3 $1 {Just in time! White wants to eliminate Black's << pawns giving
away his pawns on the other flank and let the race begin!} (36. exf6 e5 $1)
36... Bf4 37. Rxb6 Bxe5 (37... fxe5 38. Rc6 $18) 38. Bxe5 fxe5 39. Rb5 Rd4 40.
Rxc5 (40. b3 Rxg4 41. Rxa5 Rg3 42. Rb5 Kg7 43. a5 Kf6 $11) 40... Rxg4 41. b3 (
41. Rxa5 Rxc4 42. b3 Re4+ 43. Kd3 f5 $11) 41... Rg3 (41... e4 $5) 42. Rxe5 Rxb3
43. Rxa5 f5 $2 {This is already a mistake!} (43... Rb4 $2 44. Kd3 $16) (43...
Rc3 44. c5 (44. Rc5 Kg7 45. a5 Kf6) 44... Kg7 45. Kd2 Rc4 46. Kd3 Rc1 47. Kd4
Rd1+ 48. Kc4 f5 $14) (43... Kf8 44. c5 Rh3 45. c6 Rc3 46. Ra8+ Ke7 47. Ra7+ Kf6
48. c7 Ke5 $11) 44. Ra8+ Kg7 45. c5 Rc3 46. Rc8 Ra3 $2 {Now the R _|_ is
extremely difficult for Black.} (46... Kf6 $1 {activating his K was possible.}
47. a5 Ke5 48. a6 Ra3 49. Ra8 f4 50. a7 Ke4 51. c6 f3+ 52. Kf2 Ra2+ 53. Kg3
Rg2+ 54. Kh4 Rg7 55. Re8 Rxa7 56. Rxe6+ Kf4 $11) 47. c6 $1 Rxa4 48. Re8 $1 Rc4
49. Rxe6 f4 50. Rg6+ Kh7 51. Kd3 Rc5 52. Kd4 Rc1 53. Ke4 Rc4+ 54. Kd5 Rc3 55.
Kd4 Rc1 56. Ke4 Rc4+ 57. Kf3 Kh8 $2 {This is the losing move!} (57... Rc5 $1
58. Kxf4 Rxh5 59. Re6 (59. Rd6 Rc5 60. Ke4 h5 61. Kd4 Rc1 62. Kd5 Kg7 $11)
59... Kg7 $1 60. Ke4 (60. Re5 Rh4+ 61. Kf5 Rc4 62. Re7+ Kf8 $11) (60. c7 Rc5
61. Re7+ Kf6 $11) 60... Kf7 $11) 58. Rxh6+ Kg7 59. Rd6 Kh7 60. Kg4 Kg7 61. Rd7+
Kf6 62. c7 1-0

[Event "EU-Cup 19th"]
[Site "Rethymno"]
[Date "2003.09.28"]
[Round "1.1"]
[White "Kasparov, Garry"]
[Black "Chuchelov, Vladimir"]
[Result "1-0"]
[WhiteElo "2830"]
[BlackElo "2608"]
[Annotator "Golod,V"]
[PlyCount "53"]
[EventDate "2003.09.28"]
[EventType "team-swiss"]
[EventRounds "7"]
[EventCountry "GRE"]
[SourceTitle "CBM 098"]
[Source "ChessBase"]
[SourceDate "2004.02.03"]
[SourceVersion "1"]
[SourceVersionDate "2004.02.03"]
[SourceQuality "1"]
[WhiteTeam "Kazan Ladya"]
[BlackTeam "Eupen Rochade"]
[WhiteTeamCountry "RUS"]
[BlackTeamCountry "BEL"]

{[%mdl 1]} 1. d4 Nf6 2. c4 e6 3. Nc3 Bb4 4. Qc2 c5 5. dxc5 O-O 6. a3 Bxc5 7.
Nf3 b6 8. Bf4 Nh5 9. Bg5 {From this move I shall use also comments of Garry
Kasparov to this game in the site : www.worldchessrating.ru/  Further I shall
designate comments of Garry Kasparov - G.K. G.K. "As a rule, in this position
was met: 9. Bg3 that, on my sight, can cause of easy surprise".} (9. Bg3 {
It's main line.You can see my comments to game: Gershon,A-Macieja,B/Bermuda
2003/CBM 94(1-0)(62)}) 9... Be7 10. h4 $5 {In my opinion, this continuation is
much better than:} (10. Bxe7 {You can see annotations to games: Gurevich,
M-Gulko,B/New York,1998/CBM 64(1-0)(Gurevich,M)(44) and Granero Roca,A-Marin,M/
Andorra,2000/CBM 76(0-1)(Marin,M)(29)}) 10... Bb7 ({Also once were checked in
the preceding games:} 10... Nc6) ({and} 10... f6) 11. O-O-O {[%csl Yc1] G.K.
"Already here Black has problems. Up to the White king to reach difficultly,
and White has pressure on a <->d and prepare to force threats on the king
side".} Nc6 ({Were checked in the preceding game:} 11... Bxf3 $5 12. Bxe7 Qxe7
13. exf3 f5 $5 14. Kb1 Nc6 15. g3 Nf6 16. Nb5 Ne8 17. Qd2 Rf7 18. f4 $14 {
Kreizberg,M-Zagrebelny,S/Tel Aviv,2003(1/2-1/2)(70)}) 12. e4 $1 $146 {G.K.
"For Black is not easy to make a move - threatens a Nb5; there is idea: to be
exchanged on point "e7" /\g4 and Qd2".} ({The game,which have reached this
position were continued as follows:} 12. g4 $6 Nf6 13. Bxf6 Bxf6 14. Ng5 $6
Bxg5+ 15. hxg5 Qxg5+ 16. e3 h6 $15 {Svetushkin,D-Ionescu,C/Bucharest,2002(0-1)
(25)}) 12... Nf6 {G.K. "After this move, we receive a known position with
superfluous tempo for White: pawn, already in h4, and it has an effect. The
position was played from a sheet".} 13. e5 Ng4 ({Very dubiously:} 13... Ne8 {
in view of:} 14. Qd3 {[%csl Rd7]}) 14. Bf4 Rc8 ({Can it was necessary to
decide on the more active continuation:} 14... f5 {(=14...f6)} 15. exf6 Bxf6
16. Bd6 (16. Ng5 $5 Bxg5 (16... g6 $4 17. Nxe6 {[%csl Rd8,Rf8]}) 17. Bxg5 Rxf2
$36) 16... Bxc3 17. bxc3 Rf6 18. Bd3 h6 $14) 15. Kb1 f5 $5 ({Leads to
favourable complications for White:} 15... Na5 $2 16. Ng5 g6 17. f3 $1 Nh6 $140
18. Nxe6 {[%csl Rh6]} fxe6 19. Bxh6 $16) 16. exf6 Nxf6 ({Hardly it was better:
} 16... Bxf6 17. Ng5 Bxg5 18. Bxg5 Qe8 19. f3 {[%csl Rg4]} Nge5 20. Nb5 {
[%csl Rd6]} Nf7 21. Bd3 $36) 17. Ng5 Qe8 18. Nb5 {G.K. "I made this positional
move, as I did not see the forced win,after:} (18. Bd3 g6 19. h5 (19. Nxh7 Kxh7
20. h5 Kg7 21. Bxg6 Qd8 $13) 19... Nxh5 $13 {".}) 18... e5 19. Bd3 $5 {G.K.
"Very attractive move. But,maybe, it was necessary to play:} (19. Be3 $5 {
keeping all benefits of a position".}) 19... e4 $5 {Besides Black has two
principales moves.G.K. "After a game the debate was unwrapped around of:} (
19... exf4 $143 {and here White has a win:} 20. Bxh7+ Kh8 21. Bg6 Qd8 22. Rhe1
$1 {This position I have estimated during the game and has come to a
conclusion, that White has a win. The analysis shows, that it is a correct
estimation:} f3 {(most interesting answer for Black)} (22... a6 23. Nd6 Bxd6
24. Rxd6 {(/\Qd1; Rxf6 and Qh5)} Qc7 (24... Na5 $2 25. Bf7 $18 {[%csl Gc2,Gd6,
Yf6,Rh8][%cal Gc2g6,Gd6f6,Gg6h5,Yf7c4]}) 25. Qd1 f3 26. Nxf3 $18) 23. gxf3 a6
24. Bf7 $1 axb5 $140 25. Qg6 $3 {Continuation of attack: h4-h5-h6, roughly
breaking a defense of the contender, Black has no protection"}) ({G.K. "Alas,
all these beauty are not obligatory.At Black there is a correct,rigid move:} 
19... g6 $1 20. Nxh7 $5 (20. h5 exf4 21. hxg6 $13) 20... Kxh7 21. h5 $44 {".})
20. Be2 ({Leads to unclear position:} 20. Bxe4 Nxe4 21. Qxe4 (21. Nxe4 $2 Rxf4
22. Ned6 {[%csl Rb7,Rc8,Re8]} Qf8 {[%csl Rf2]} (22... Bxd6 $143 23. Nxd6 Qe6
24. Rhe1 Ne5 $13 {[%csl Rc4]}) 23. Nxb7 Rxf2 $15) 21... Bxg5 22. Qxe8 (22. Qd5+
$143 Kh8 23. Bxg5 Rxf2 $132) 22... Rcxe8 23. Bxg5 Rxf2 24. Rxd7 Bc8 $44 {
[%csl Rb1,Rg2]}) 20... h6 21. Nd6 Bxd6 22. Bxd6 hxg5 $2 {Black had an uneasy
choice, and he did not manage to find the best continuation. This move is
connected with tactical miscalculation.} ({Also weakly:} 22... Ne5 $2 {[%cal
Ge5d3] in view of:} 23. Qc3 $16 {[%csl Re5,Rf8]}) ({It was necessary:} 22...
Ne7 23. Nh3 $14) 23. hxg5 Nh7 {[%tqu "En","Black's 22-th move was a blunder.
How can White exploit it?","","","h1h7","G.K. 'The contender has yawned this a
little bit not obvious move'. White have broken through a defense of the
contender.",10]} 24. Rxh7 $1 {G.K. "The contender has yawned this a little bit
not obvious move". White have broken through a defense of the contender.} Kxh7
25. Bxf8 Qxf8 ({I do not think that it was much better:} 25... Ne5 26. Bd6 Nd3
27. f3 {[%csl Rd3,Rh7]}) 26. Qxe4+ $18 Kg8 $8 (26... g6 $2 27. Rxd7+ {[%csl
Rb7,Rh7][%cal Ge4g6,Ge4h4]}) (26... Kh8 $2 27. Rh1+ Kg8 28. Qd5+ Qf7 29. Rh8+)
27. Qd5+ $1 (27. Qd5+ $1 {After this move Black resigned, because of these
variations:} Qf7 (27... Kh7 $2 28. Rh1+ Kg6 29. Bd3+ Qf5 30. Qxf5#) (27... Kh8
$2 28. Rh1#) 28. Qxf7+ Kxf7 29. Rxd7+ {[%csl Rb7,Rf7]}) 1-0

[Event "EU-Cup 19th"]
[Site "Rethymno"]
[Date "2003.09.30"]
[Round "3.1"]
[White "Kasparov, Garry"]
[Black "Jobava, Baadur"]
[Result "1-0"]
[WhiteElo "2830"]
[BlackElo "2596"]
[Annotator "Lukacs,P"]
[PlyCount "104"]
[EventDate "2003.09.28"]
[EventType "team-swiss"]
[EventRounds "7"]
[EventCountry "GRE"]
[SourceTitle "CBM 098"]
[Source "ChessBase"]
[SourceDate "2004.02.03"]
[SourceVersion "1"]
[SourceVersionDate "2004.02.03"]
[SourceQuality "1"]
[WhiteTeam "Kazan Ladya"]
[BlackTeam "Tbilisi"]
[WhiteTeamCountry "RUS"]
[BlackTeamCountry "GEO"]

1. e4 c6 2. d4 d5 3. e5 Bf5 4. Be3 Qb6 5. Qc1 e6 6. c4 Bxb1 {The exchange of
the developed piece for the undeveloped one doesn't look healthy.} (6... Ne7 {
- Shirov-Genov, EU-chT 2003 CBM 98}) (6... dxc4 $5 7. Bxc4 (7. Nd2 Qd8 (7...
Bb4 8. Ngf3 Ne7 9. a3 Bxd2+ 10. Nxd2 Qa5 11. Bxc4 Nd5 12. Be2 O-O 13. O-O Nd7
14. Nc4 Qc7 15. b4 $14 {Fluvia Poyatos-Garcia Luque, Burgos 2003}) 8. Bxc4 Ne7
$13) 7... Be4 {Black has to keep control over the vital blockading square d5.}
(7... Bxb1 {doesn't look healthy again.} 8. Rxb1 Bb4+ 9. Ke2 Qd8 10. Nf3 Ne7
11. a3 Ba5 12. b4 Bb6 13. Bd3 Nd5 14. Bd2 h6 {(Meszaros-Eperjesi, FSIM
Budapest 2003)} 15. Re1 $14) 8. f3 Bd5 9. Bd3 Na6 $11) 7. Rxb1 Bb4+ 8. Kd1 $1 {
White now can get some tempi because of the badly placed B on b4.} (8. Bd2
Bxd2+ 9. Qxd2 dxc4 (9... Nd7 10. c5 $14 {and White has a space advantage on
both flanks.}) 10. Bxc4 c5 $5 (10... Ne7 11. Nf3 O-O 12. O-O $14 {and White
has the activity, although his backward P on d4 can be weak in the long run.})
11. d5 $1 (11. Nf3 Nc6 (11... cxd4 12. Qxd4 Qxd4 13. Nxd4 $14) 12. dxc5 Qxc5
$11 {cannot be recommended for White.}) 11... exd5 12. Qxd5 Qb4+ (12... Nh6 13.
Nf3 Nc6 14. O-O Rd8 15. Qe4 Nd4 16. Bd5 $14 {and the N on h6 is pathetic.}) 13.
Ke2 Nh6 14. Nf3 Nc6 15. a3 Qb6 16. Rhc1 $1 (16. Qe4 $5) (16. e6 O-O $1) 16...
O-O (16... Rd8 17. Qe4 Nd4+ 18. Kf1 $14) 17. Kf1 $14 {Gelfand-Dreev, Moscow
2002 CBM 91}) 8... dxc4 9. Nf3 $1 {This is the precise move order.} (9. Bxc4 {
allows} c5 $1 $13 {Kasparov} (9... Qd8 10. Nf3 Nd7 11. a3 (11. Ke2 $5) 11...
Bf8 12. Ke2 Nb6 13. Bd3 Ne7 {Black has a total control over >< d5, but he
lacks development and his position is a bit passive.} 14. b4 a6 15. g4 Ned5 16.
Bd2 Be7 17. Qc2 h6 18. h4 g6 19. Qc1 Bf8 $13 {N.Grigore-M.Osman, Bucharest 2003
})) 9... Nd7 10. a3 Be7 {Now the N will come via Nh6.} (10... Bf8 $5 {/\ Ne7
>< d5} 11. Bxc4) 11. Bxc4 Qc7 (11... c5 12. Ke2 (12. d5 $5 exd5 13. Bxd5 O-O-O
14. Ke2 f6 (14... Qg6 15. Rd1 Qxg2 16. b4 $36) (14... Nxe5 15. Nxe5 Rxd5 16.
Nxf7 $18) 15. b4 $36)) 12. Ke2 Nb6 13. Bd3 Nd5 {The first wawe of -> is
repelled, but Black has still space problems, and White's light-squared B is
very active.} 14. Bd2 {This B is bad anyway.} (14. Re1 $5 {/\ Kf1-g1 was
suggested by Kasparov improving the K's position.}) 14... h5 $1 {/\ Nh6
blockading the >> on the light squares.} 15. b4 {White has to find another
territory for activity.} Nh6 16. Re1 {/\ Kf1 securing the K's place.} Rc8 17.
Kf1 Qd7 (17... Nf5 $2 18. Bxf5 (18. Qc2 Qd7 19. Kg1 $14) 18... exf5 19. e6 $16)
18. Rb3 (18. Kg1 {was also a logical continuation of the plan.} Nc7 $1 (18...
Nf5 19. Bxf5 exf5 20. e6 fxe6 21. Ne5 Qd6 22. Ng6 Rg8 23. Bf4 $16) 19. a4 {
with typical minority -> on the <<.} (19. Bxh6 Rxh6 20. Qf4 Nd5 21. Qg3 Kf8 $13
) (19. Bg5 a6 (19... Nf5 20. Bxe7 Nxe7 (20... Qxe7 21. b5 $1) 21. Qg5 $16) (
19... Nd5 20. Be4 $16 (20. Bxh6 Rxh6)) 20. Be4 Qd8 $13)) 18... Nc7 $1 (18...
Nf5 {allows the destroying} 19. Bxf5 exf5 20. e6 $1 fxe6 21. Ne5 $16) 19. Bg5
$36 a6 20. Be4 (20. a4 $5 {deserved attention again.}) 20... Qd8 21. Bd2 $2 {
The B leaves his excellent place.} (21. h3 $1 {Kasparov} Bxg5 22. Nxg5 Qxd4 23.
Rd3 Qb6 24. Nh7 $40 {is a wonderful attacking idea.}) 21... Nf5 22. Rd3 (22.
Bxf5 exf5 23. Qc2 Qd7 24. Rbe3 (24. e6 $5 Nxe6 (24... fxe6 $2 25. Ne5 $16) 25.
Rbe3 (25. Qxf5 Qd5 26. Ne5 O-O $13) 25... Bf6 (25... f4 26. Rxe6 fxe6 27. Qg6+
Kd8 (27... Kf8 28. Ne5 $18) 28. Qxg7 $16) 26. Qxf5 $14) 24... Nd5 25. R3e2 Qe6
26. Bg5 $14) 22... g6 $13 {Now a quiet manoeuvring phase is coming.} 23. g3 Nd5
24. h3 Rc7 25. Kg2 Rd7 {Black's position looks almost impregnable, but
Kasparov never loses faith!} 26. Rd1 Nb6 27. Qc2 Nd5 28. Rb3 Nc7 29. Bc1 Nd5
30. h4 Nc7 31. a4 $1 {This minority -> is the only chance infusing life into
the static position.} (31. Rbd3 Nd5) (31. Bb2 Nd5) 31... Nxd4 $2 {The opening
of the position helps for the better developed party.} (31... Nd5 $5 {Kasparov}
) 32. Nxd4 Rxd4 33. Rxd4 Qxd4 34. Bxg6 $1 {This is the point!} (34. b5 $5 axb5
(34... Qxa4 35. bxc6 b5 36. Be3 $16) 35. axb5 Nxb5 36. Bxc6+ bxc6 37. Qxc6+ Kf8
38. Rxb5 Kg7 39. Rb7 Qc5 40. Qf3 Rf8 $11) 34... Nd5 ({Accepting the sacrifice
loses to} 34... fxg6 $4 35. Qxg6+ Kd7 36. Rd3 $18) 35. Be4 Nxb4 36. Qe2 $36 {
Black has won a P, but the white pieces gained a lot more activity, the ^^
works already rather well.} b5 (36... a5 37. Bb2 Qd7 38. Bc3 $14) 37. axb5 cxb5
(37... axb5 38. Ra3 $1 (38. Bb2 Qd7 39. Ba3 Nd5 40. Bxe7 Qxe7 41. Qc2 Qd7 42.
Qc5 $16)) 38. Qf3 (38. Ba3 Nd5 39. Rd3 Qb6 40. Bxd5 exd5 (40... Bxa3 41. Be4)
41. Bxe7 Kxe7 42. Qd2 Rd8 43. Qg5+ Ke8 44. e6 $1 $40) 38... Nd5 39. Rd3 (39.
Bb2 Qc4 40. Rd3 {- 39.Rd3}) 39... Qc4 (39... Qxe5 40. Bxd5 exd5 41. Rxd5 Qf6
42. Bf4 $40) 40. Bd2 (40. Bb2 $1 {deserved serious attention, for example:} Rh6
$1 (40... Qc6 41. Bxd5 exd5 42. e6 O-O 43. Rxd5 f5 44. Kh2 $18) (40... Rg8 41.
Rxd5 Rg4 42. Rd4 $18) (40... b4 41. Rxd5 exd5 42. Bxd5 Qg4 43. Qxf7+ Kd8 44.
Bf3 $16) 41. Rxd5 exd5 42. Bxd5 $16) 40... Rg8 (40... O-O $1 {was the best
defence, it is better late than never!} 41. Rxd5 $1 (41. Bxd5 exd5 42. Rxd5 b4
43. Rd7 Qe6 44. Rb7 a5 45. Qxh5 Qd5+ 46. Qf3 Qxe5 47. Bf4 Qe6 48. Rxe7 Qxe7 49.
Qg4+ $11) (41. Bg5 Bxg5 42. hxg5 b4 43. Bxd5 exd5 44. Rxd5 Qg4 $1 $132 (44...
b3 45. Rd6 $1)) 41... exd5 42. Bf5 (42. Bxd5 Qg4 $1 $132) 42... Kg7 43. Qxh5
Rh8 44. Qf3 $36) 41. Kh2 $3 {This quiet preparatory move decides the battle!} (
41. Rxd5 Rg4 $1) 41... b4 (41... Rg6 42. Bxd5 exd5 43. Rc3 $40) 42. Bxd5 exd5
43. Rxd5 Rg6 44. Rd3 $1 Rc6 45. e6 $5 (45. Bxb4 $1 {was easier:} Bxb4 46. e6
Qxe6 (46... Rxe6 47. Qa8+ $18) (46... fxe6 47. Qxh5+ $18) 47. Re3 $18) 45...
Qxe6 46. Re3 (46. Bxb4 Qf6 47. Qe3) 46... Qc4 $2 {This is the last mistake.} (
46... Qd7 47. Bxb4 Re6 $16) 47. Bxb4 $18 Re6 48. Bxe7 Kxe7 49. Rc3 Qg4 50. Rc7+
Kd6 51. Qc6+ Ke5 52. Qc3+ Kd5 1-0